| 000 -LEADER |
| fixed length control field |
00624cam a2200205 a 4500 |
| 001 - CONTROL NUMBER |
| control field |
1898502 |
| 005 - DATE AND TIME OF LATEST TRANSACTION |
| control field |
20180315110346.0 |
| 008 - FIXED-LENGTH DATA ELEMENTS--GENERAL INFORMATION |
| fixed length control field |
850822s1985 nyua 000 0 eng |
| 010 ## - LIBRARY OF CONGRESS CONTROL NUMBER |
| LC control number |
84062389 |
| 020 ## - INTERNATIONAL STANDARD BOOK NUMBER |
| International Standard Book Number |
0688039693 : |
| Terms of availability |
$15.00 |
| 040 ## - CATALOGING SOURCE |
| Original cataloging agency |
DLC |
| Transcribing agency |
DLC |
| Modifying agency |
DLC |
| 041 ## - LANGUAGE CODE |
| Language code of text/sound track or separate title |
eng |
| 080 ## - UNIVERSAL DECIMAL CLASSIFICATION NUMBER |
| Universal Decimal Classification number |
658.4092 KEN |
| 082 00 - DEWEY DECIMAL CLASSIFICATION NUMBER |
| Classification number |
658.4092 KEN |
| Edition number |
19 |
| 100 1# - Rafti |
| Rafti |
54 |
| 101 ## - Shkurtesa |
| Shkurtesa |
LEA |
| 245 10 - TITLE STATEMENT |
| Title |
Leadership and the one minute manager : |
| Statement of responsibility, etc |
Kenneth Blanchard, Patricia Zigarmi, Drea Zigarmi. |
| 906 ## - LOCAL DATA ELEMENT F, LDF (RLIN) |
| a |
7 |
| b |
cbc |
| c |
orignew |
| d |
3 |
| e |
opcn |
| f |
19 |
| g |
y-gencatlg |
| 942 ## - ADDED ENTRY ELEMENTS (KOHA) |
| Source of classification or shelving scheme |
|
| Item type |
Books |